Statistics for Most Populated Cities

Click here to take the quiz!

General Stats

  • This quiz has been taken 52 times
    (28 since last reset)
  • The average score is 11 of 19

Answer Stats

RankingAnswer% Correct
18New York City
96%
14Tokyo
89%
19London
85%
7Beijing
81%
4Mumbai
78%
5Moscow
74%
11Seoul
67%
10Delhi
63%
13Jakarta
63%
1Shanghai
63%
20Bangkok
56%
15Mexico City
56%
9Guangzhou
48%
3Karachi
44%
2Istanbul
41%
6Sao Paulo
37%
12Shenzhen
30%
16Kinshasa
22%
17Bangalore
15%

Score Distribution

Percentile by Number Answered

Percent of People with Each Score

Your Score History

You have not taken this quiz since the last reset